Scientific photography ; proceedings /

Bibliographic Details
Corporate Authors: International Colloquium on Scientific Photography Liège, Belgium, Université de Liège
Other Authors: Sauvenier, Henri
Format: Conference Proceeding Book
Language:English
Published: Oxford, New York : Symposium Publications Division, Pergamon Press, 1962.
Series:A Pergamon Press book
Subjects:

MARC

Tag First Indicator Second Indicator Subfields
LEADER 00000cam a2200000 4500
001 in00000094798
005 20150927110544.0
008 741001s1962 eng u
035 |a (OCoLC)01025887 
035 |9 AAL6671AM 
040 |c CPL  |d TXA  |d UtOrBLW 
049 |a TXAM  |c [478291] 
050 0 0 |a TR5  |b .I48 1959 
082 0 |a 771.53 
090 |a TR5  |b .I48 
111 2 |a International Colloquium on Scientific Photography  |d (1959 :  |c Liège, Belgium) 
245 1 0 |a Scientific photography ;  |b proceedings /  |c Sponsored by the patrimoine de l'Universite de Liege. Edited by H. Sauvenier. 
264 1 |a Oxford,  |a New York :  |b Symposium Publications Division, Pergamon Press,  |c 1962. 
300 |a  xx, 617 pages :  |b illustrations ;  |c 25 cm. 
336 |a text  |b txt  |2 rdacontent 
337 |a unmediated  |b n  |2 rdamedia 
338 |a volume  |b nc  |2 rdacarrier 
490 0 |a A Pergamon Press book 
504 |a Includes bibliographies. 
650 0 |a Photographic chemistry  |x Congresses. 
650 0 |a Photographic emulsions. 
700 1 |a Sauvenier, Henri. 
710 2 |a Université de Liège. 
999 |a MARS 
999 f f |s 194bdd5c-963c-3826-a919-3d52a4aedf56  |i 6b08e006-d822-3196-b67d-2d17f23582c5  |t 0 
952 f f |p ric  |a Texas A&M University  |b Rellis Campus  |c Joint Library Facility  |d Remote Storage  |t 0  |e TR5 .I48  |h Library of Congress classification  |i unmediated -- volume  |m A14805621523 
998 f f |a TR5 .I48  |t 0  |l Remote Storage